000 00387cam a22001217a 4500
008 180718b1974 xxu||||| |||| 00| 0 eng d
082 _aA75 M278Y
245 _aMaharashtra state gazetteers: Yeotmal
_cedited by B.G. Kunte
260 _aBombay
_bThe Executive Editor and Secretary, Gazetteers Department
_c1974
300 _a872+p.
650 _aYeotmal - Gazetteers
700 _aKunte, B.G.
999 _c486458
_d486458